000
00233nam a2200097Ia 4500
001
1033845
005
20250826231716.0
008
250824s9999 xx 000 0 und d
245
0
_a
GÜNLÜK 3
_c
ALEX HİRSCH
260
_b
BETA YAYINLARI
999
_c
1033845
_d
1033845